The noble scholar, jurist, historian


 His Excellency Dr. Abdul Wahhab bin Ibrahim Abu Sulaiman, may Allah have mercy on him.


 He was born in Umm Al-Qura in the year 1356 AH.

العقد الوسيم في أحكام الجار والمجرور والظرف ؛ (Record no. 1076)

MARC details
000 -LEADER
fixed length control field 01457naa a22002411ab4500
003 - CONTROL NUMBER IDENTIFIER
control field SA-RiAUC
005 - DATE AND TIME OF LATEST TRANSACTION
control field 20241009133248.0
008 - FIXED-LENGTH DATA ELEMENTS--GENERAL INFORMATION
fixed length control field 241008s2001 le g f000f0 ara c
040 ## - CATALOGING SOURCE
Original cataloging agency SA-EnSBSSC
Language of cataloging ara
Transcribing agency SA-RiAUC
082 04 - DEWEY DECIMAL CLASSIFICATION NUMBER
Classification number 415.1
090 ## - LOCALLY ASSIGNED LC-TYPE CALL NUMBER (OCLC); LOCAL CALL NUMBER (RLIN)
Classification number (OCLC) (R) ; Classification number, CALL (RLIN) (NR) 415.1 ا
Local cutter number (OCLC) ; Book number/undivided call number, CALL (RLIN) ا خ ف
100 1# - MAIN ENTRY--PERSONAL NAME
Personal name الأخفش الصنعاني، صلاح بن حسين بن يحيى،
Dates associated with a name توفي 1242 هجري.
245 12 - TITLE STATEMENT
Title العقد الوسيم في أحكام الجار والمجرور والظرف ؛
Remainder of title نزهة الطرف في الجار والمجرور والظرف /
Statement of responsibility, etc. صلاح الدين بن الحسين الأخفش ؛ تحقيق ودراسة رياض حسن الخوام.
250 ## - EDITION STATEMENT
Edition statement الطبعة الاول
260 ## - PUBLICATION, DISTRIBUTION, ETC.
Place of publication, distribution, etc. بيروت :
Name of publisher, distributor, etc. المكتبة العصرية،
Date of publication, distribution, etc. 2001
300 ## - PHYSICAL DESCRIPTION
Extent 126 صفحة ؛.
Dimensions 24 سم
650 #7 - SUBJECT ADDED ENTRY--TOPICAL TERM
Topical term or geographic name entry element اللغة العربية
General subdivision نحو
-- مخطوطات
Form subdivision مراجعات
-- مقالات ومحاضرات
Source of heading or term aucsh
700 1# - ADDED ENTRY--PERSONAL NAME
Personal name الخوام، رياض بن حسن،
Dates associated with a name 1954-
Relator term محقق.
740 02 - ADDED ENTRY--UNCONTROLLED RELATED/ANALYTICAL TITLE
Uncontrolled related/analytical title نزهة الطرف في الجار والمجرور والظرف.
773 0# - HOST ITEM ENTRY
Main entry heading جامعة الإمام محمد بن سعود الإسلامية (الرياض) مؤلف.
Title مجلة جامعة الإمام محمد بن سعود الإسلامية : مجلة علمية محكمة.
Record control number AUC_OC_50552
Related parts مج. 5، ع. 5 (محرم 1412 = يوليو 1991)، ص. 126
International Standard Serial Number 13190954
942 ## - ADDED ENTRY ELEMENTS (KOHA)
Source of classification or shelving scheme Dewey Decimal Classification
Koha item type Books
Suppress in OPAC No
949 ## - LOCAL PROCESSING INFORMATION (OCLC)
a SA-JeALM
d 241008
u mohamedma123
n 1
Holdings
Withdrawn status Lost status Source of classification or shelving scheme Damaged status Not for loan Home library Current library Date acquired Total checkouts Full call number Barcode Date last seen Price effective from Koha item type
    Dewey Decimal Classification     DR AbdElwahab Library DR AbdElwahab Library 10/09/2024   415.1 ا خ ف 000001481 10/09/2024 10/09/2024 Books